<?xml version="1.0" encoding="UTF-8"?>
<record
    xmlns:xsi="http://www.w3.org/2001/XMLSchema-instance"
    xsi:schemaLocation="http://www.loc.gov/MARC21/slim http://www.loc.gov/standards/marcxml/schema/MARC21slim.xsd"
    xmlns="http://www.loc.gov/MARC21/slim">

  <leader>01094nam a2200277 a 4500</leader>
  <controlfield tag="001">BRL_1859</controlfield>
  <controlfield tag="005">20190320211412.0</controlfield>
  <controlfield tag="008">100815s1995----mx-o######---#000-0#spa-#</controlfield>
  <datafield tag="020" ind1=" " ind2=" ">
    <subfield code="a">9683644481</subfield>
  </datafield>
  <datafield tag="041" ind1=" " ind2=" ">
    <subfield code="a">spa</subfield>
  </datafield>
  <datafield tag="044" ind1=" " ind2=" ">
    <subfield code="a">mx</subfield>
  </datafield>
  <datafield tag="050" ind1=" " ind2="4">
    <subfield code="a">F1392.G4</subfield>
    <subfield code="b">.M64 1995</subfield>
  </datafield>
  <datafield tag="245" ind1="1" ind2="0">
    <subfield code="a">M&#xE9;xico, el exilio bien temprano</subfield>
    <subfield code="c">Editoras Renata von Hanffstengel y Cecilia Tercero Vasconcelos.</subfield>
  </datafield>
  <datafield tag="260" ind1=" " ind2=" ">
    <subfield code="a">M&#xE9;xico</subfield>
    <subfield code="b">Instituto de Investigaciones Interculturales Germano-Mexicanas, A.C. : Instituto Goethe M&#xE9;xico, A.C. : Secretar&#xED;a de Cultura, Gobierno del Estado de Puebla : UNAM</subfield>
    <subfield code="c">1995</subfield>
  </datafield>
  <datafield tag="300" ind1=" " ind2=" ">
    <subfield code="a">356 p., 27 laminas</subfield>
    <subfield code="b">il.</subfield>
    <subfield code="c">27 cm.</subfield>
  </datafield>
  <datafield tag="500" ind1=" " ind2=" ">
    <subfield code="a">Au2198</subfield>
  </datafield>
  <datafield tag="650" ind1="1" ind2="4">
    <subfield code="a">Alemanes</subfield>
    <subfield code="v">Congresos</subfield>
    <subfield code="z">Mexico</subfield>
    <subfield code="9">28064</subfield>
  </datafield>
  <datafield tag="650" ind1="1" ind2="4">
    <subfield code="a">Alemanes</subfield>
    <subfield code="v">Congresos</subfield>
    <subfield code="z">Latino Am&#xE9;rica</subfield>
    <subfield code="9">28065</subfield>
  </datafield>
  <datafield tag="650" ind1="1" ind2="4">
    <subfield code="a">Inmigrantes</subfield>
    <subfield code="v">Congresos</subfield>
    <subfield code="z">Mexico</subfield>
    <subfield code="9">28066</subfield>
  </datafield>
  <datafield tag="650" ind1="1" ind2="4">
    <subfield code="a">Refugiados politicos</subfield>
    <subfield code="v">Congresos</subfield>
    <subfield code="z">Alemania</subfield>
    <subfield code="9">28067</subfield>
  </datafield>
  <datafield tag="650" ind1="1" ind2="4">
    <subfield code="a">Refugiados politicos</subfield>
    <subfield code="v">Congresos</subfield>
    <subfield code="z">Mexico</subfield>
    <subfield code="9">28068</subfield>
  </datafield>
  <datafield tag="700" ind1="1" ind2=" ">
    <subfield code="a">Hanffstengel, Renata von</subfield>
    <subfield code="d">1934-</subfield>
    <subfield code="e">ed.</subfield>
    <subfield code="9">28069</subfield>
  </datafield>
  <datafield tag="700" ind1="1" ind2=" ">
    <subfield code="a">Tercero Vasconcelos, Cecilia</subfield>
    <subfield code="e">ed.</subfield>
    <subfield code="9">28070</subfield>
  </datafield>
  <datafield tag="902" ind1=" " ind2=" ">
    <subfield code="a">GRL</subfield>
  </datafield>
  <datafield tag="942" ind1=" " ind2=" ">
    <subfield code="2">lcc</subfield>
    <subfield code="c">B</subfield>
  </datafield>
  <datafield tag="999" ind1=" " ind2=" ">
    <subfield code="c">10667</subfield>
    <subfield code="d">10667</subfield>
  </datafield>
  <datafield tag="952" ind1=" " ind2=" ">
    <subfield code="0">0</subfield>
    <subfield code="1">0</subfield>
    <subfield code="4">0</subfield>
    <subfield code="7">0</subfield>
    <subfield code="a">BRL</subfield>
    <subfield code="b">BRL</subfield>
    <subfield code="d">2015-08-10</subfield>
    <subfield code="i">Au2198</subfield>
    <subfield code="l">0</subfield>
    <subfield code="o">F1392.G4 .M64 1995 (Au2198)</subfield>
    <subfield code="p">GRL02042</subfield>
    <subfield code="r">2019-03-22 00:00:00</subfield>
    <subfield code="w">2019-03-22</subfield>
    <subfield code="y">B</subfield>
  </datafield>
</record>
